Представление документа в формате RUSMARC

ПолеНазваниеЗначение
  Тип записи a
  Библиографический уровень m
001 Контрольный номер UONB/MAIN/af5493f19ec34801855064cecd4e32c7
005 Дата корректировки 20260401105357.0
010 Индекс ISBN __
b Уточнения в пер.
9 Тираж 25000 экз.
100 Данные общей обработки __
a Данные общей обработки 20260401d1986 u y0rusy0189## ca
101 Язык документа 0_
a Язык текста rus
102 Страна публикации __
a Страна публикации RU
105 Кодированные данные (монография) __
a Кодированные данные (монография) a z 001zy
200 Заглавие и сведения об ответственности 1_
a Заглавие Античные мастера
a Заглавие Скульпторы и живописцы
f Первые сведения об ответственности А. П. Чубова, Г. И. Конькова, Л. И. Давыдова
203 Вид содержания и тип средства __
a Вид содержания Текст
b Характеристика содержания визуальный
c Тип средства непосредственный
210 Выходные данные 1_
a Место издания Ленинград
c Издательство Искусство, Ленинградское отделение
d Дата издания 1986
215 Физическое описание __
a Объем 249, [2] с.
c Иллюстрации/тип воспроизводства ил.
d Формат 22 см
320 Библиография __
a Библиография Библиогр.: с. 244-245
320 Библиография __
a Библиография Указ. имен: с. 220-243
606 Тематические рубрики 0_
a Основная рубрика Античная скульптура
606 Тематические рубрики 0_
a Основная рубрика Античная живопись
610 Ключевые слова 0_
a Ключевые слова живопись; античная живопись; скульптура; скульптура античная
686 Индексы других классификаций __
a Классификационный индекс 85.143(0)
2 Код системы rubbk
700 Автор _1
a Фамилия Чубова
b Имя (инициалы) А. П.
g Полное личное имя Анна Петровна
701 Альтернативная интеллектуальная ответственность _1
a Фамилия Конькова
b Имя (инициалы) Г. И.
g Полное личное имя Галина Игоревна
701 Альтернативная интеллектуальная ответственность _1
a Фамилия Давыдова
b Имя (инициалы) Л. И.
g Полное личное имя Людмила Ивановна
801 Источник записи _0
a Страна RU
b Организация Ульяновская ОНБ
c Дата составления 20260401
g Правила каталогизации RCR
801 Источник записи _1
a Страна RU
b Организация Ульяновская ОНБ
c Дата составления 20260401
g Правила каталогизации RCR
901 Тип документа __
t Тип документа m
909 Создатель записи __
a Создатель записи Егорова Э. А.
b Дата создания записи 20260401